| 000 | 00377nam a2200133Ia 4500 | ||
|---|---|---|---|
| 005 | 20260328101505.0 | ||
| 008 | 260328s9999||||xx |||||||||||||| ||und|| | ||
| 100 | _aBlake, Peter | ||
| 245 | 0 |
_aMaestros de la Arquitectura : _b Le Corbusier, Mies Van der Rohe, Frank Lloyd Wright / _cPeter Blake |
|
| 260 | _bVictor Leru | ||
| 300 | _a344 p. | ||
| 650 | _aARQUITECTOS | ||
| 942 | _cBK | ||
| 999 |
_c9016 _d9016 |
||